Novelas de Maigret / (Record no. 144575)

MARC details
000 -LEADER
campo de control de longitud fija 02002nam a2200253 i 4500
001 - NÚMERO DE CONTROL
campo de control 144575
003 - IDENTIFICADOR DE NÚMERO DE CONTROL
campo de control ES-MaACL
005 - FECHA Y HORA DE LA ÚLTIMA TRANSACCIÓN
campo de control 20250814063235.0
007 - CAMPO FIJO DE DESCRIPCIÓN FÍSICA--INFORMACIÓN GENERAL
campo de control de longitud fija t|
008 - DATOS DE LONGITUD FIJA--INFORMACIÓN GENERAL
campo de control de longitud fija 070214m19581959sp co |||| |dspa d
080 ## - NÚMERO DE LA CLASIFICACIÓN DECIMAL UNIVERSAL
Número de la Clasificación Decimal Universal 821.133.1-31"19"
100 1# - ENTRADA PRINCIPAL--NOMBRE DE PERSONA
Nombre de persona Simenon, Georges,
Fechas asociadas al nombre 1903-1989
9 (RLIN) 106467
245 10 - MENCIÓN DEL TÍTULO
Título Novelas de Maigret /
Mención de responsabilidad, etc. Georges Simenon ; prólogo de Salvador Bordoy Luque.
260 ## - PUBLICACIÓN, DISTRIBUCIÓN, ETC.
Lugar de publicación, distribución, etc. Madrid :
Nombre del editor, distribuidor, etc. Aguilar,
Fecha de publicación, distribución, etc. 1958-1959.
300 ## - DESCRIPCIÓN FÍSICA
Extensión 5 v. :
Otras características físicas retr. autor ;
Dimensiones 18 cm.
490 1# - MENCIÓN DE SERIE
Mención de serie El lince astuto
500 ## - NOTA GENERAL
Nota general Índices.
505 8# - NOTA DE CONTENIDO CON FORMATO
Nota de contenido con formato Contiene: v. 1 ;
Título El ahorcado de Saint-Pholien ;
-- La noche de la encrucijada ;
-- El caso Saint-Fiacre ;
-- El crimen del Floria ;
-- A la cita de los terranovas ;
-- Maigret en la escuela ;
-- El cuerpo sin cabeza ;
-- El merendero de las dos perras gordas (1155 p.) -- v. 3 ;
-- El inspector Cadavre ;
-- Maigret y la 'larguirucha' ;
-- Félice está allí ;
-- Maigret se divierte ;
-- Firmado, Picpus ;
-- Maigret, en la audiencia de Arizona ;
-- Maigret, en casa del ministro ;
-- Las memorias de Maigret (1224 p.) -- v. 4 ;
-- El puerto de las brumas ;
-- El perro canelo ;
-- El loco de Bergerac ;
-- El muerto de Maigret ;
-- La pipa de Maigret ;
-- Maigret se enfada ;
-- En los bajos del Majestic ;
-- Cécile ha muerto (1153 p.) -- v. 5 ;
-- Maigret y la anciana ;
-- Maigret y el hombre del banco ;
-- La casa de los flamencos ;
-- Maigret y la joven muerta ;
-- El caso de J. and J ;
-- El crimen del piso tercero ;
-- Relais D'Alsace ;
-- La cabeza de un hombre (1268 p.) -- v. 6 ;
-- La ventana de enfrente ;
-- La sombra chinesca ;
-- Las vacaciones de Maigret ;
-- La tanguista del Gai-Moulin ;
-- Maigret tiene miedo ;
-- El conductor de 'La Providence' ;
-- Liberty Bar ;
-- La primera investigación de Maigret (1232 p.)
505 8# - NOTA DE CONTENIDO CON FORMATO
Nota de contenido con formato Contiene: tomos I, III, IV, V y VI
700 1# - ENTRADA AGREGADA--NOMBRE PERSONAL
Nombre de persona Bordoy Luque, Salvador.
9 (RLIN) 30424
830 0# - PUNTO DE ACCESO ADICIONAL DE SERIE-TÍTULO UNIFORME
Título uniforme El lince astuto
9 (RLIN) 186549
852 ## - LOCALIZACIÓN
Ubicación ES-MaACL
Número de control de estantería P-591
Nota libre . - Enc. plástico
condición física . - (falta v. 2)
Holdings
Estatus retirado Estado de pérdida Estado de daño No para préstamo Biblioteca de origen Biblioteca actual Ubicación en estantería Fecha de adquisición Fuente de adquisición Total de préstamos Signatura topográfica completa Código de barras Visto por última vez Precio de reemplazo Tipo de ítem Koha
        Biblioteca del Ateneo de Madrid Biblioteca del Ateneo de Madrid Depósito 2 17/01/2008     P-591 1150544 23/02/2023 23/02/2023 Libro impreso